All UNESCO World Heritage Countries - Statistics

General Stats
  • This quiz has been taken 574 times
  • The average score is 138 of 165
Answer Stats
# Country % Correct
23 United States
99%
30 United Kingdom
98%
50 China
97%
51 Italy
96%
26 Russia
96%
45 Spain
96%
42 France
95%
35 India
95%
18 Canada
94%
41 Germany
94%
20 Japan
94%
34 Mexico
94%
15 Sweden
94%
8 Norway
93%
16 Turkey
93%
20 Brazil
92%
7 Egypt
92%
7 Finland
92%
21 Iran
92%
2 Ireland
92%
6 Pakistan
92%
14 Poland
92%
15 Portugal
92%
10 Argentina
91%
19 Australia
91%
18 Greece
91%
8 Indonesia
91%
5 Iraq
91%
9 Israel
91%
12 Peru
91%
12 South Korea
91%
9 Austria
90%
8 Denmark
90%
5 Thailand
90%
7 Ukraine
90%
8 Vietnam
90%
6 Chile
89%
9 Morocco
89%
3 New Zealand
89%
7 Romania
89%
7 Slovakia
89%
3 Slovenia
89%
8 South Africa
89%
12 Switzerland
89%
12 Belgium
88%
2 Cambodia
88%
8 Croatia
88%
9 Cuba
88%
12 Czech Republic
88%
8 Hungary
88%
2 Iceland
88%
2 Laos
88%
5 Serbia
88%
3 Sudan
88%
7 Algeria
87%
7 Bolivia
87%
8 Colombia
87%
2 Latvia
87%
4 Lithuania
87%
4 Saudi Arabia
87%
9 Bulgaria
86%
2 Estonia
86%
4 Nepal
86%
10 Netherlands
86%
4 Oman
86%
5 Panama
86%
2 Uruguay
86%
2 Vatican City
86%
4 Yemen
86%
2 Afghanistan
85%
3 Armenia
85%
4 Belarus
85%
9 Ethiopia
85%
5 Jordan
85%
5 Libya
85%
3 Malta
85%
3 Niger
85%
2 North Korea
85%
6 Syria
85%
2 Albania
84%
3 Bosnia and Herzegovina
84%
5 Ecuador
84%
3 Georgia
84%
3 Guatemala
84%
1 Haiti
84%
6 Kenya
84%
4 Malaysia
84%
1 Myanmar
84%
2 Nigeria
84%
1 Paraguay
84%
1 Qatar
84%
8 Tunisia
84%
3 Turkmenistan
84%
5 Uzbekistan
84%
3 Venezuela
84%
2 Azerbaijan
83%
4 Costa Rica
83%
2 Honduras
83%
3 Montenegro
83%
2 Nicaragua
83%
1 Dominica
82%
5 Lebanon
82%
3 Madagascar
82%
4 Mongolia
82%
1 San Marino
82%
8 Sri Lanka
82%
2 Tajikistan
82%
1 United Arab Emirates
82%
1 Andorra
81%
3 Bangladesh
81%
2 Chad
81%
4 Mali
81%
2 Namibia
81%
1 Singapore
81%
7 Tanzania
81%
5 Zimbabwe
81%
2 Bahrain
80%
1 Belize
80%
3 Cyprus
80%
5 Democratic Republic of the Congo
80%
1 Fiji
80%
2 Ghana
80%
1 Jamaica
80%
1 Republic of the Congo
80%
7 Senegal
80%
2 Suriname
80%
1 Zambia
80%
1 Guinea
79%
5 Kazakhstan
79%
1 Luxembourg
79%
1 Mozambique
79%
1 Benin
78%
1 El Salvador
78%
1 Macedonia
78%
1 Moldova
78%
1 Togo
78%
3 Uganda
77%
2 Botswana
76%
1 Dominican Republic
76%
2 Mauritania
76%
2 Gambia
75%
1 Papua New Guinea
75%
6 Philippines
75%
2 Seychelles
75%
2 Cameroon
74%
1 Lesotho
74%
2 Central African Republic
73%
4 Côte d'Ivoire
73%
1 Gabon
73%
1 Saint Lucia
73%
1 Barbados
72%
2 Malawi
72%
1 Palau
72%
1 Antigua and Barbuda
71%
2 Mauritius
71%
1 Solomon Islands
71%
1 Marshall Islands
70%
1 Burkina Faso
69%
1 Kiribati
69%
1 Cabo Verde
68%
3 Kyrgyzstan
68%
1 Federated States of Micronesia
67%
1 Vanuatu
67%
1 Saint Kitts and Nevis
63%
2 Palestine
36%
No matching quizzes found
Score Distribution
Percent of People with Each Score
Percentile by Number Answered
Your Score History
You have not taken this quiz